[Event "KEN-ch"]
[Site "Nairobi"]
[Date "2021.12.27"]
[Round "4"]
[White "Sagwa, Hillary"]
[Black "Methu, Joseph Muraga"]
[Result "0-1"]
[WhiteElo "1820"]
[BlackElo "2024"]
[PlyCount "121"]
[EventDate "2021.12.26"]
[EventType "swiss"]
[EventRounds "9"]
[EventCountry "KEN"]
[SourceTitle "EXT 2023"]
[Source "ChessBase"]
[SourceDate "2022.10.05"]
[SourceVersion "1"]
[SourceVersionDate "2022.10.05"]
[SourceQuality "1"]

1. e4 Nf6 2. e5 Nd5 3. d4 Nb6 4. f4 d6 5. Nf3 g6 6. Bd3 Bg7 7. 0-0 c5 8. c3 cxd4 9. cxd4 Nc6 10. Nc3 0-0 11. Be3 Nb4 12. Be4 d5 13. Bb1 Nc4 14. Qe2 Nxe3 15. Qxe3 e6 16. a3 Nc6 17. Bd3 f6 18. g4 fxe5 19. fxe5 a6 20. Rf2 Bd7 21. Raf1 b5 22. b4 Rc8 23. Ne2 Qb6 24. h4 Be8 25. Ng3 Ne7 26. Bb1 Rc6 27. Kg2 Qc7 28. Ne2 a5 29. Ng5 Rxf2+ 30. Rxf2 h6 31. Nh3 axb4 32. axb4 Rc4 33. Nef4 Rxb4 34. Nxe6 Qc8 35. Nxg7 Qxg4+ 36. Qg3 Qxg3+ 37. Kxg3 Kxg7 38. Bc2 Nc6 39. Rf4 Rb2 40. Bd3 Nb4 41. Nf2 Nxd3 42. Nxd3 Rb3 43. Rf3 b4 44. Nc5 Rxf3+ 45. Kxf3 Bb5 46. Kf4 Kf7 47. Kg4 Bc4 48. Na4 Ke7 49. Kf4 b3 50. Nb2 Bb5 51. Nd1 Ke8 52. e6 Ke7 53. Ke5 Bc6 54. Nb2 Bb7 55. Nd3 Bc8 56. Kxd5 Bxe6+ 57. Ke5 g5 58. hxg5 hxg5 59. d5 Bd7 60. Kd4 Kd6 61. Nb2 0-1

[Event "KEN-chT"]
[Site "Nairobi"]
[Date "2019.11.08"]
[Round "25.1"]
[White "Otieno, George Ochieng"]
[Black "Sagwa, Hillary"]
[Result "0-1"]
[WhiteElo "1769"]
[BlackElo "1716"]
[PlyCount "112"]
[EventDate "2019.02.09"]
[EventType "team-tourn"]
[EventRounds "27"]
[EventCountry "KEN"]
[SourceTitle "CBM 192 Extra"]
[Source "Chessbase"]
[SourceDate "2019.11.06"]
[SourceVersion "1"]
[SourceVersionDate "2019.11.06"]
[SourceQuality "1"]
[WhiteTeam "Nairobi CA"]
[BlackTeam "Black Knights"]
[WhiteTeamCountry "KEN"]
[BlackTeamCountry "KEN"]

1. e4 Nc6 2. Nc3 e5 3. Bc4 Bc5 4. Nf3 d6 5. h3 Nf6 6. d3 Bb4 7. Bd2 0-0 8. a3 Bxc3 9. Bxc3 Ne7 10. Qe2 Bd7 11. 0-0 Ng6 12. Bd2 Qe7 13. c3 Kh8 14. Nh2 Be6 15. Bb5 Ng8 16. f4 f5 17. fxe5 dxe5 18. Kh1 Rad8 19. Rae1 f4 20. Nf3 Nf6 21. Ng1 Qd6 22. d4 a6 23. Bd3 c5 24. d5 Bd7 25. c4 b6 26. b4 h6 27. Qf2 Nh5 28. Ne2 f3 29. Ng1 fxg2+ 30. Qxg2 Nhf4 31. Qg3 Rf6 32. Bc2 Rdf8 33. Rf3 Nh5 34. Qg2 Ngf4 35. Qh2 Rg6 36. Bxf4 Nxf4 37. Qd2 Rg2 38. Qc3 Qf6 39. Bb3 Qg6 40. Ref1 Qg5 41. Qe3 Rc8 42. R3f2 Rxf2 43. Rxf2 Nxh3 44. Rf3 Nf4 45. Qf2 Bg4 46. Rg3 h5 47. Nf3 Qf6 48. Qh2 Kg8 49. Nh4 Ne2 50. Rxg4 hxg4 51. Nf5 Nf4 52. d6 Rd8 53. Ba4 Rxd6 54. Nxd6 Qxd6 55. bxc5 bxc5 56. Qb2 g3 0-1

[Event "All Africa Games Kenya qual"]
[Site "Nairobi"]
[Date "2019.02.01"]
[Round "1.9"]
[White "Mukabi, John"]
[Black "Sagwa, Hillary"]
[Result "0-1"]
[WhiteElo "1877"]
[BlackElo "1716"]
[PlyCount "46"]
[EventDate "2019.02.01"]
[EventType "swiss"]
[EventRounds "6"]
[EventCountry "KEN"]
[SourceTitle "EXT 2024"]
[Source "ChessBase"]
[SourceDate "2023.10.10"]
[SourceVersion "1"]
[SourceVersionDate "2023.10.10"]
[SourceQuality "1"]

1. e4 Nc6 2. Nc3 e5 3. f4 Bb4 4. Nd5 Ba5 5. Nf3 d6 6. c3 Bg4 7. Be2 Bb6 8. Nxb6 axb6 9. 0-0 exf4 10. d4 g5 11. Qb3 h5 12. Bc4 Nh6 13. Nxg5 Qxg5 14. Bxf4 Qg7 15. Bxh6 Qxh6 16. Bxf7+ Kd7 17. Rae1 Raf8 18. e5 Kd8 19. e6 h4 20. Qa4 h3 21. g3 Qd2 22. e7+ Nxe7 23. Qa8+ Bc8 0-1